000
00286nam a22001217a 4500
003
SGT
082
_a
421.52,SAS
100
_a
SASIKUMAR,V
245
_a
SPOKEN ENGLISH: A SELF-LEARNING GUIDE TO CONVERSATION PRACTICE
250
_a
1ST
260
_a
NEW DELHI
_b
TMH
_c
2008
942
_2
ddc
_c
CD
999
_c
10773
_d
10773